| 000 | 01076nam a22003137a 4500 | ||
|---|---|---|---|
| 003 | CHAP | ||
| 005 | 20220329134029.0 | ||
| 008 | 971013s1980 r 00010 d | ||
| 010 | _a14357 | ||
| 011 | _a15329 | ||
| 035 | _a19404 | ||
| 040 | _cCHAP | ||
| 082 |
_a026.006 _bH4 |
||
| 100 | 0 | 0 |
_aHernández de Caldas, Angela. _953936 |
| 245 | _aHistoria de las bibliotecas agrícolas, pecuarias y forestales de Colombia | ||
| 260 |
_aBogotá : _bFondo Colombiano de Investigaciones Científicas y Proyectos Especiales Francisco José de Caldas, _c1980 |
||
| 300 | _a125 p. | ||
| 590 |
_aBATCH-UPD _b10 _c20130109 _lUCH01 _h2345 |
||
| 590 |
_aBATCH-UPD _b10 _c20130110 _lUCH01 _h2302 |
||
| 590 |
_aBATCH-UPD _b10 _c20130410 _lUCH01 _h1554 |
||
| 590 |
_aBATCH-UPD _b10 _c20130914 _lUCH01 _h0622 |
||
| 590 |
_aCONVERSION _b10 _c20130109 _lUCH01 _h1309 |
||
| 650 | 1 | 4 |
_aBibliotecas agrícolas. _912540 |
| 650 | 1 | 4 |
_aBibliotecas _xHistoria. _912514 |
| 650 | 1 | 4 |
_aColombia _xBibliotecas. _925357 |
| 901 | _aBK | ||
| 942 | _cLIBRO | ||
| 949 |
_a026.006 H4 _bBC _cB _d-45106 _eB _h60654 _i19404 _si |
||
| 999 |
_c14357 _d14357 |
||